Januar-Ereignisse Quiz - Statistiken

Allgemein
  • Dieses Quiz wurde 3.603 mal gespielt
  • Das Durchschnittsergebnis liegt bei 16 aus 31
Antwortstatistiken
Datum Jahr Hinweis Antwort % Korrekt
1. Jan. 2002 Diese Währung kann zum ersten Mal verwendet werden Euro
99%
4. Jan. 2010 Burj Khalifa, das höchste Gebäude der Welt, wird in dieser Stadt eröffnet Dubai
91%
20. Jan. 2009 Dieser Mann wird zum ersten schwarzen US-Präsidenten Barack Obama
85%
3. Jan. 1959 Dieser Staat wird Teil der USA Alaska
82%
19. Jan. 1919 In Deutschland dürfen diese Personen zum ersten Mal wählen Frauen
82%
5. Jan 1914 Diese Autofabrik verdoppelt den Lohn auf 5 US-$ pro Tag Ford
75%
11. Jan. 2017 Dieses Hamburger Konzerthaus wird eingeweiht Elbphilharmonie
74%
2. Jan. 1492 Die Christen erobern Granada, was die Rückeroberung dieses Landes komplettiert Spanien
71%
10. Jan. 49 v.C. Dieser General überquert den Rubikon Julius Caesar
68%
9. Jan. 1349 Jüdische Basler werden beschuldigt, diese Pandemie ausgelöst zu haben und werden anschliessend verbrannt Schwarzer Tod
68%
21. Jan. 1793 Dieses Gerät wird verwendet, um Frankreichs Ludwig XVI. hinzurichten Guillotine
63%
26. Jan. 1924 Diese Stadt wird in Leningrad umbenannt Petrograd
63%
16. Jan. 27 v.C. Dieser Mann wird der erste römische Kaiser Augustus
56%
17. Jan. 1929 Dieser spinatliebende Cartooncharakter tritt zum ersten Mal auf Popeye
56%
31. Jan. 2010 Dieser Film wird zum ersten, der 2 Mrd. US-$ einbringt Avatar
53%
7. Jan. 1610 Dieser Wissenschaftler entdeckt die vier größten Jupitermonde Galileo Galilei
53%
18. Jan. 1778 Dieser britische Kapitän entdeckt Hawaii James Cook
52%
22. Jan. 1901 Diese Königin stirbt nach 63 Jahren Regentschaft Königin Victoria
52%
30. Jan. 1969 Diese Band tritt zum letzten Mal auf dem Dach der Apple Records auf The Beatles
52%
8. Jan. 1959 Dieser französische General wird Präsident Charles de Gaulle
50%
12. Jan. 2010 100,000 Leute dieses Landes werden durch ein Erdbeben getötet Haiti
43%
27. Jan. 1984 Das Haar dieses Popsängers fängt Feuer während er eine Pepsi-Werbung dreht Michael Jackson
40%
14. Jan. 1967 Der "Summer of Love" beginnt in dieser US-Stadt San Francisco
39%
28. Jan. 1986 Diese Raumfähre explodiert Challenger
37%
15. Jan. 1892 James Naismith veröffentlicht die Regeln zu diesem Spiel Basketball
27%
13. Jan. 1968 Dieser Sänger tritt im Folsom State Prison auf Johnny Cash
23%
25. Jan. 1533 Diese Frau wird die zweite Ehefrau von Heinrich VIII. Anne Boleyn
22%
29. Jan. 1820 Dieser wahnsinnige englische König stirbt Georg III.
22%
24. Jan. 41 Dieser verdorbene römische Kaiser wird ermordet Caligula
21%
23. Jan. 2015 Dieser saudische König stirbt Abdullah
10%
6. Jan. 1994 Diese Eiskunstläuferin wird am Knie verletzt Nancy Kerrigan
9%
Keine übereinstimmenden Quizze gefunden
Verteilung der Resultate
Anzahl Personen mit jedem Resultat
Perzentil nach korrekt beantworteten Fragen
Ihre Resultats-Entwicklung
Sie haben dieses Quiz noch nicht gespielt